Procesný manažment v rozvoji podnikov na Slovensku - II zborník príspevkov z vedeckého seminára Katedry manažmentu výroby a logistiky (pri príležitosti Týždňa vedy) : Bratislava [5.] november 2012

Enregistré dans:
Détails bibliographiques
Collectivités auteurs: Procesný manažment v rozvoji podnikov na Slovensku. Vedecký seminár, Fakulta podnikového manažmentu EU. Katedra manažmentu výroby a logistiky - zrušená
Autres auteurs: Polačko, Vladimír, Dupaľ, Andrej, Leščišin, Michal, Molnár, Pavol, Stern, Juraj
Format: Livre
Langue:slovaque
Publié: Bratislava Vydavateľstvo EKONÓM 2012
Sujets:
Tags: Ajouter un tag
Pas de tags, Soyez le premier à ajouter un tag!

MARC

LEADER 00000nlm a2200000 4500
001 0163564
005 20251027091214.5
020 |a 978-870-225-3545-8 
041 0 |a slo 
044 |a SK 
245 1 0 |a Procesný manažment v rozvoji podnikov na Slovensku - II  |b zborník príspevkov z vedeckého seminára Katedry manažmentu výroby a logistiky (pri príležitosti Týždňa vedy) : Bratislava [5.] november 2012  |c zostavil Vladimír Polačko 
264 1 |a Bratislava  |b Vydavateľstvo EKONÓM  |c 2012 
300 |a CD-ROM [115 s.] 
610 2 0 |a riadenie procesné 
610 2 0 |a rozvoj podniku 
610 2 0 |a logistika podniková 
610 2 0 |a proces výrobný 
700 1 |a Polačko, Vladimír 
700 1 |a Dupaľ, Andrej 
700 1 |a Leščišin, Michal 
700 1 |a Molnár, Pavol 
700 1 |a Stern, Juraj 
110 2 |a Procesný manažment v rozvoji podnikov na Slovensku. Vedecký seminár 
710 2 |a Fakulta podnikového manažmentu EU. Katedra manažmentu výroby a logistiky - zrušená